Guess the US States by Borders - Statistics

General Stats
  • This quiz has been taken 21 times
  • The average score is 40 of 48
Answer Stats
Borders Answer % Correct
Florida, Georgia, Mississippi, Tennessee Alabama
95%
California, Colorado, New Mexico, Nevada, Utah Arizona
95%
Iowa, North Dakota, South Dakota, Wisconsin Minnesota
95%
Louisiana, Mississippi, Missouri, Oklahoma, Tennessee, Texas Arkansas
89%
Maryland, New Jersey, Pennsylvania Delaware
89%
Alabama, Georgia Florida
89%
New Hampshire Maine
89%
Arizona, California, Idaho, Oregon, Utah Nevada
89%
Arizona, Colorado, Oklahoma, Texas, Utah New Mexico
89%
Minnesota, Montana, South Dakota North Dakota
89%
California, Idaho, Nevada, Washington Oregon
89%
Connecticut, Massachusetts Rhode Island
89%
Idaho, Oregon Washington
89%
Arizona, Nevada, Oregon California
84%
Massachusetts, New York, Rhode Island Connecticut
84%
Montana, Nevada, Oregon, Utah, Washington, Wyoming Idaho
84%
Indiana, Iowa, Kentucky, Missouri, Wisconsin Illinois
84%
Arkansas, Mississippi, Texas Louisiana
84%
Connecticut, New Hampshire, New York, Rhode Island, Vermont Massachusetts
84%
Illinois, Indiana, Ohio, Wisconsin Michigan
84%
Idaho, North Dakota, South Dakota, Wyoming Montana
84%
Colorado, Iowa, Kansas, Missouri, South Dakota, Wyoming Nebraska
84%
Georgia, South Carolina, Tennessee, Virginia North Carolina
84%
Indiana, Kentucky, Michigan, Pennsylvania, West Virginia Ohio
84%
Delaware, Maryland, New Jersey, New York, Ohio, West Virginia Pennsylvania
84%
Georgia, North Carolina South Carolina
84%
Alabama, Arkansas, Georgia, Kentucky, Mississippi, Missouri, North Carolina, Virginia Tennessee
84%
Massachusetts, New Hampshire, New York Vermont
84%
Iowa, Illinois, Michigan, Minnesota Wisconsin
84%
Arizona, Kansas, Nebraska, New Mexico, Oklahoma, Utah, Wyoming Colorado
79%
Alabama, Florida, North Carolina, South Carolina Georgia
79%
Illinois, Kentucky, Michigan, Ohio Indiana
79%
Colorado, Missouri, Nebraska, Oklahoma Kansas
79%
Illinois, Indiana, Missouri, Ohio, Tennessee, Virginia, West Virginia Kentucky
79%
Delaware, Pennsylvania, Virginia, West Virginia Maryland
79%
Alabama, Arkansas, Louisiana, Tennessee Mississippi
79%
Maine, Massachusetts, Vermont New Hampshire
79%
Delaware, New York, Pennsylvania New Jersey
79%
Arkansas, Colorado, Kansas, Missouri, New Mexico, Texas Oklahoma
79%
Iowa, Minnesota, Montana, North Dakota, Nebraska, Wyoming South Dakota
79%
Arizona, Colorado, Idaho, Nevada, New Mexico, Wyoming Utah
79%
Kentucky, Maryland, Ohio, Pennsylvania, Virginia West Virginia
79%
Colorado, Idaho, Montana, Nebraska, South Dakota, Utah Wyoming
79%
Arkansas, Louisiana, New Mexico, Oklahoma Texas
74%
Illinois, Minnesota, Missouri, Nebraska, South Dakota, Wisconsin Iowa
68%
Arkansas, Illinois, Iowa, Kansas, Kentucky, Nebraska, Oklahoma, Tennessee Missouri
68%
Connecticut, Massachusetts, New Jersey, Pennsylvania, Vermont New York
68%
Kentucky, Maryland, North Carolina, Tennessee, West Virginia Virginia
68%
No matching quizzes found
Score Distribution
Percent of People with Each Score
Percentile by Number Answered
Your Score History
You have not taken this quiz